Risk-based charging approach to waste management regulations (Record no. 71822)

MARC details
000 -LEADER
fixed length control field 01212cam a2200217 4500
001 - CONTROL NUMBER
control field WB3901-41
008 - FIXED-LENGTH DATA ELEMENTS--GENERAL INFORMATION
fixed length control field 021219n2002 000 0 eng u
035 ## - SYSTEM CONTROL NUMBER
System control number (Sirsi) u120844
245 ## - TITLE STATEMENT
Title Risk-based charging approach to waste management regulations
260 ## - PUBLICATION, DISTRIBUTION, ETC.
Date of publication, distribution, etc. 2002
490 ## - SERIES STATEMENT
Series statement RICS Minerals and Waste Management Faculty News
Volume/sequential designation 18 December 2002 (1)
520 ## - SUMMARY, ETC.
Summary, etc. The Environment Agency is proposing to increase charges by an average of 2.5% in 2003-04 to cover its regulation costs for managing Integrated Pollution Control (IPC), Radioactive Substances Regulation (RAS) and Waste Management Licensing (WML). RICS Environment faculty news story http://www.rics.org/ricscms/bin/show?class=News&template=/includes/shownews.html&id=4484&faculty=Environment&faculty=AllFaculties For consultation document for IPC, RAS and WML charging schemes, 2003-04 http://www.environment-agency.gov.uk/yourenv/consultations/403742
590 ## - LOCAL NOTE (RLIN)
Local note WB
650 ## - SUBJECT ADDED ENTRY--TOPICAL TERM
Topical term or geographic name entry element WASTE MANAGEMENT
650 ## - SUBJECT ADDED ENTRY--TOPICAL TERM
Topical term or geographic name entry element INTEGRATED POLLUTION CONTROL
650 ## - SUBJECT ADDED ENTRY--TOPICAL TERM
Topical term or geographic name entry element RADIOACTIVE MATERIALS
650 ## - SUBJECT ADDED ENTRY--TOPICAL TERM
Topical term or geographic name entry element WASTE MANAGEMENT LICENSING
650 ## - SUBJECT ADDED ENTRY--TOPICAL TERM
Topical term or geographic name entry element ENVIRONMENT AGENCY
690 ## - LOCAL SUBJECT ADDED ENTRY--TOPICAL TERM (OCLC, RLIN)
Topical term or geographic name as entry element ENVIRONMENTAL AND LAND CONSULTANCY-WASTE MANAGEMENT
942 ## - ADDED ENTRY ELEMENTS (KOHA)
Suppress in OPAC 0
Holdings
Withdrawn status Lost status Source of classification or shelving scheme Damaged status Not for loan Home library Current library Shelving location Date acquired Total Checkouts Full call number Barcode Date last seen Copy number Price effective from Koha item type
    Dewey Decimal Classification     London London News article 19/12/2002   WB3901-41 120844-1001 06/08/2019 1 06/08/2019 News article